Notas sobre los Papilionoidea de México: I. Perisama mexica hoffmann (<Nymphalidae: Catagrammini>), un caso de sinonimia y un error de asignación geográfica (Registro nro. 10611)

Detalles MARC
000 -CABECERA
Campo de control 006310000a22001690004500
090 ## - CLASIFICACIÓN LOCAL
Colección AR
Consecutivo 01528
041 0# - IDIOMA
Código de idioma para texto/pista de sonido o título separado
100 1# - ASIENTO PRINCIPAL--NOMBRE PERSONAL
Nombre personal Llorente Bousquets, Jorge E.
245 10 - MENCION DE TITULO
Título Notas sobre los Papilionoidea de México: I. Perisama mexica hoffmann (<Nymphalidae: Catagrammini>), un caso de sinonimia y un error de asignación geográfica
650 14 - ASIENTO SECUNDARIO DE MATERIA - TERMINO TEMATICO
Término temático o nombre geográfico como elemento de entrada Taxonomía animal
650 14 - ASIENTO SECUNDARIO DE MATERIA - TERMINO TEMATICO
Término temático o nombre geográfico como elemento de entrada Sinonimias
650 14 - ASIENTO SECUNDARIO DE MATERIA - TERMINO TEMATICO
Término temático o nombre geográfico como elemento de entrada Mariposas
651 #4 - ASIENTO SECUNDARIO DE MATERIA - NOMBRE GEOGRAFICO
-- Guerrero
-- México
653 ## - TERMINO DE INDIZACION - NO CONTROLADO
-- Nymphalidae
-- Perisama
-- Perisama mexicana
773 1# - Item fuente:
Título Folia Entomológica Mexicana
Especificación de materiales 290
Descripción física 79
Paginas del Articulo 85-91
Lugar, editorial y fecha de publicación 1990
942 ## - ELEMENTOS ADICIONALES (KOHA)
Tipo de ítem Artículo
Existencias
Withdrawn status Lost status Damaged status No para préstamo Colección Ubicación Permanente Ubicación actual Fecha de adquisición Fuente de Valor Datos de publicación Seriada Total Checkouts Número topográfico Inventario / Código de Barras Date last seen Ejemplar Price effective from Forma de adquisición Tipo de material
      No para Préstamo Hemeroteca Bogotá Bogotá 27/02/2015 Muñoz Saba, Yaneth Fuera de circulación   AR 01528 011889 25/03/2015 1 25/03/2015   Artículo